| 000 | 01124cam a2200289 a 4500 | ||
|---|---|---|---|
| 001 | 1458673 | ||
| 003 | OSt | ||
| 005 | 19870511000000.0 | ||
| 008 | 860514s1985 ii a b 000 0 eng | ||
| 010 | _a 85904744 | ||
| 020 | _cRs142.50 | ||
| 040 |
_aDLC _cDLC _dDLC |
||
| 050 | 0 | 0 |
_aTH9310.5 _b.R6613 1985 |
| 082 | 0 | 0 |
_a628.922 _222 _bROM |
| 100 | 1 |
_aRomanenko, P. N. _q(Pavel Nikanorovich) _96374 |
|
| 240 | 1 | 0 |
_aTermodinamika i teplodacha v pozharnom dele. _lEnglish |
| 245 | 1 | 0 |
_aThermodynamics and heat transfer in fire fighting / _cP.N. Romanenko, Yu A. Koshmarov, M.P. Bashkirtsev. |
| 260 |
_aNew Delhi : _bOxonian Press, _c1985. |
||
| 300 |
_axxiii, 460 p. : _bill. ; _c25 cm. |
||
| 500 | _aTranslation of: Termodinamika i teplodacha v pozharnom dele. | ||
| 504 | _aBibliography: p. [457]-460. | ||
| 650 | 0 |
_aFire extinction. _96375 |
|
| 650 | 0 |
_aThermodynamics. _96376 |
|
| 650 | 0 |
_aHeat _xTransmission. _96377 |
|
| 942 |
_2ddc _cBB |
||
| 999 |
_c11881 _d11881 |
||